Prínos Tomáša Baťu k riešeniu otázky bývania zamestnancov
Prístup T. Baťu k územnému plánovaniu a zakladaniu závodov. Koncepcia priemyselného mesta. Vznik a rozvoj Baťových závodov. Investície do bytovej a sociálnej infraštruktúry. Integrácia výroby s bývaním v osade Baťovany. Baťovany - Partizánske ako zhmotnenie dobových úvah o ideálnom meste. Komplexnos...
Salvato in:
| Autore principale: | |
|---|---|
| Natura: | Capitolo di libro |
| Lingua: | slovacco |
| Soggetti: | |
| Tags: |
Nessun Tag, puoi essere il primo ad aggiungerne!!
|
MARC
| LEADER | 00000nla$a2200000$$$4500 | ||
|---|---|---|---|
| 001 | 0048440 | ||
| 005 | 20240502071546.1 | ||
| 041 | 0 | |a slo | |
| 044 | |a SK | ||
| 245 | 1 | 0 | |a Prínos Tomáša Baťu k riešeniu otázky bývania zamestnancov |c Peter Jamnický |
| 520 | |a Prístup T. Baťu k územnému plánovaniu a zakladaniu závodov. Koncepcia priemyselného mesta. Vznik a rozvoj Baťových závodov. Investície do bytovej a sociálnej infraštruktúry. Integrácia výroby s bývaním v osade Baťovany. Baťovany - Partizánske ako zhmotnenie dobových úvah o ideálnom meste. Komplexnosť, funkčnosť a jednoduchosť všetkých činností v meste. | ||
| 610 | 2 | 0 | |a bývanie |
| 610 | 2 | 0 | |a výstavba bytová |
| 610 | 2 | 0 | |a výroba |
| 610 | 2 | 0 | |a závody |
| 610 | 2 | 0 | |a obuv |
| 610 | 2 | 0 | |a urbanizácia |
| 610 | 2 | 0 | |a parky priemyselné |
| 610 | 2 | 0 | |a plánovanie územné |
| 610 | 2 | 0 | |a architektúra |
| 610 | 2 | 0 | |a Baťa, T. |
| 100 | 1 | |a Jamnický, Peter | |